000
00322nam a2200145Ia 4500
005
20251222153612.0
008
251222s9999||||xx |||||||||||||| ||spa||
020
_a
8408024817
082
_a
864.64/G14
100
_a
Gala, Antonio
245
0
_a
La Casa Sosegada
250
_a
1ra.ed.
264
_b
Planeta
942
_c
LIB
999
_c
31661
_d
31661